00521 a2200133 4500003000500000005001700005040000900022082001200031245006100043260004200104300001100146505020000157650003000357NUST20230202132310.0 cNust a954,SAR aSAARC in The New Millennium /cEdited by Dr S.M. Raman  aGermanybHanns Seidel Foundatioc2001 a222:p. aIntroduction (Page-1), Economic Dimension of Regional Cooperation (Page-33), Regional and Extra Regional Cooperation (Page-73), Security and Regional Stability (Page-141), Appendices (Page-207).  aSAARC The New Millennium